Analýza poskytnutej investičnej pomoci vládou SR za obdobie 2007-2012 a jej vplyv na úspešnosť proexportnej politiky diplomová práca

Gespeichert in:
Bibliographische Detailangaben
1. Verfasser: Urminská, Lucia
Körperschaft: Obchodná fakulta EU. Katedra medzinárodného obchodu
Weitere Verfasser: Rosenberg, Miloslav
Format: Buch
Sprache:Slowakisch
Veröffentlicht: Bratislava 2014
Tags: Tag hinzufügen
Keine Tags, Fügen Sie das erste Tag hinzu!

MARC

LEADER 00000nbm a2200000 4500
001 0186254
005 20170201095733.0
041 0 |a slo 
044 |a SK 
245 1 0 |a Analýza poskytnutej investičnej pomoci vládou SR za obdobie 2007-2012 a jej vplyv na úspešnosť proexportnej politiky  |b diplomová práca  |c Lucia Urminská ; školiteľ: Miloslav Rosenberg 
264 1 |a Bratislava  |c 2014 
300 |a 76 s. 
100 1 |a Urminská, Lucia 
700 1 |a Rosenberg, Miloslav 
710 2 |a Obchodná fakulta EU. Katedra medzinárodného obchodu